000 00627nam a2200277Ia 4500
005 20260324150538.0
008 008 260324s9999 xx 000 0 eng d
020 _a9781003222040
037 _aEBOOK
040 _aCRL
040 _beng
040 _cCRL
041 _2eng
041 _aeng
084 _qCRL
100 _aW. K. Rose
_91226791
245 4 _aThe Letters of Wyndham Lewis
260 _bTaylor and Francis
260 _c1962
365 _a
365 _b140
856 _uhttp://www.taylorfrancis.com/books/9781003222040
942 _cEBOOK
999 _c1836420
_d1836420